| 000 -LEADER |
| fixed length control field |
02044cam a22003857a 4500 |
| 001 - CONTROL NUMBER |
| control field |
13727407 |
| 003 - CONTROL NUMBER IDENTIFIER |
| control field |
OSt |
| 005 - DATE AND TIME OF LATEST TRANSACTION |
| control field |
20160930103627.0 |
| 008 - FIXED-LENGTH DATA ELEMENTS--GENERAL INFORMATION |
| fixed length control field |
040922s2005 at a 001 0 eng d |
| 010 ## - LIBRARY OF CONGRESS CONTROL NUMBER |
| LC control number |
2004113995 |
| 020 ## - INTERNATIONAL STANDARD BOOK NUMBER |
| International Standard Book Number |
0534409865 (student ed.) |
| 020 ## - INTERNATIONAL STANDARD BOOK NUMBER |
| International Standard Book Number |
0534410030 (mediafree version) |
| 020 ## - INTERNATIONAL STANDARD BOOK NUMBER |
| International Standard Book Number |
053440989X (CDROM 1) |
| 020 ## - INTERNATIONAL STANDARD BOOK NUMBER |
| International Standard Book Number |
0534410367 (CDROM 2) |
| 035 ## - SYSTEM CONTROL NUMBER |
| System control number |
(OCoLC)ocm57937234 |
| 040 ## - CATALOGING SOURCE |
| Original cataloging agency |
BOS |
| Transcribing agency |
BOS |
| Modifying agency |
DLC |
| 042 ## - AUTHENTICATION CODE |
| Authentication code |
lccopycat |
| 050 00 - LIBRARY OF CONGRESS CALL NUMBER |
| Classification number |
QA303.2.S725 2005 |
| 082 00 - DEWEY DECIMAL CLASSIFICATION NUMBER |
| Classification number |
515 |
| Edition number |
22 |
| 100 1# - MAIN ENTRY--PERSONAL NAME |
| Personal name |
Stewart, James, |
| Dates associated with a name |
1941- |
| 245 10 - TITLE STATEMENT |
| Title |
Calculus :concepts and contexts / |
| Statement of responsibility, etc |
James Stewart. |
| 250 ## - EDITION STATEMENT |
| Edition statement |
3rd ed. |
| 260 ## - PUBLICATION, DISTRIBUTION, ETC. (IMPRINT) |
| Place of publication, distribution, etc |
Australia ; |
| -- |
Belmont, CA : |
| Name of publisher, distributor, etc |
Thomson Brooks/Cole, |
| Date of publication, distribution, etc |
c2005. |
| 300 ## - PHYSICAL DESCRIPTION |
| Extent |
xxvi, 978, 145, 10 p. : |
| Other physical details |
ill. (some col.) ; |
| Dimensions |
26 cm. + |
| Accompanying material |
2 CD-ROMs (4 3/4 in.) |
| 500 ## - GENERAL NOTE |
| General note |
Includes index. |
| 505 0# - FORMATTED CONTENTS NOTE |
| Formatted contents note |
Functions and models -- Limits and derivatives -- Differentiation rules -- Applications of differentiation -- Integrals -- Applications of integration -- Differential equations -- Infinite sequences and series -- Vectors and the geometry of space -- Vector functions -- Partial derivatives -- Multiple integrals -- Vector calculus. |
| 505 0# - FORMATTED CONTENTS NOTE |
| Formatted contents note |
CD-ROM [1] TEC : tools for enriching calculus, version 2.0 -- CD-ROM [2] Interactive video skillbuilder CD for James Stewart's Calculus : concepts and contexts. |
| 538 ## - SYSTEM DETAILS NOTE |
| System details note |
System requirements for accompanying CD-ROM 1: Windows XP/Linux: Pentium III 800 Mhz, 128MB RAM, 800 x 600, 16 bit display, 8x CD-ROM; or, Mac OSX: G3 processor or later, 128MB RAM, 800 x 600, 16 bit display, 8X CD-ROM. |
| 538 ## - SYSTEM DETAILS NOTE |
| System details note |
System requirements for accompanying CD-ROM 2: Windows 98+; or, Macintosh 9.0+. |
| 650 #0 - SUBJECT ADDED ENTRY--TOPICAL TERM |
| Topical term or geographic name as entry element |
Calculus. |
| 856 42 - ELECTRONIC LOCATION AND ACCESS |
| Public note |
View related website |
| Uniform Resource Identifier |
<a href="http://www.stewartcalculus.com/media/3%5Fhome.php">http://www.stewartcalculus.com/media/3%5Fhome.php</a> |
| 906 ## - LOCAL DATA ELEMENT F, LDF (RLIN) |
| a |
7 |
| b |
cbc |
| c |
copycat |
| d |
2 |
| e |
epcn |
| f |
20 |
| g |
y-gencatlg |
| 942 ## - ADDED ENTRY ELEMENTS (KOHA) |
| Source of classification or shelving scheme |
|
| Koha item type |
Book |